<?xml version="1.0" encoding="UTF-8"?>
<record
    xmlns:xsi="http://www.w3.org/2001/XMLSchema-instance"
    xsi:schemaLocation="http://www.loc.gov/MARC21/slim http://www.loc.gov/standards/marcxml/schema/MARC21slim.xsd"
    xmlns="http://www.loc.gov/MARC21/slim">

  <leader>01339nam a2200277 a 4500</leader>
  <controlfield tag="003">DO-SdBNP</controlfield>
  <controlfield tag="005">20220728111527.0</controlfield>
  <controlfield tag="007">ta</controlfield>
  <controlfield tag="008">220728e2004    dr aod|gr|||| 001 0 spa d</controlfield>
  <datafield tag="040" ind1=" " ind2=" ">
    <subfield code="a">DO-SdBNP</subfield>
    <subfield code="b">spa</subfield>
    <subfield code="c">BNPHU</subfield>
  </datafield>
  <datafield tag="082" ind1=" " ind2="2">
    <subfield code="2">44</subfield>
    <subfield code="b">M294m</subfield>
  </datafield>
  <datafield tag="245" ind1="1" ind2="0">
    <subfield code="a">Manual de manejo para la crianza de patos Pekineses. /</subfield>
    <subfield code="c">Walkina Cruz &#xC1;lvarez, Gregorio Garc&#xED;a Lagombra; Fotograf&#xED;a, Eduardo Fulcar, Gustavo Concepci&#xF3;n</subfield>
  </datafield>
  <datafield tag="260" ind1=" " ind2=" ">
    <subfield code="a">Santo Domingo :</subfield>
    <subfield code="b">IDIAF,</subfield>
    <subfield code="c">2004</subfield>
  </datafield>
  <datafield tag="300" ind1=" " ind2=" ">
    <subfield code="a">44 p.</subfield>
    <subfield code="b">il., fotogr., gr&#xE1;f.</subfield>
    <subfield code="c">23 cm</subfield>
  </datafield>
  <datafield tag="504" ind1=" " ind2=" ">
    <subfield code="a">Bibliograf&#xED;a: p. 44</subfield>
  </datafield>
  <datafield tag="505" ind1=" " ind2=" ">
    <subfield code="t">I. Introducci&#xF3;n.</subfield>
    <subfield code="t">II. Razas de patos.--</subfield>
    <subfield code="t">III. Selecci&#xF3;n y mejoramiento gen&#xE9;tico.--</subfield>
    <subfield code="t">IV. Sistema de constracciones e instalaciones para patos.--</subfield>
    <subfield code="t">V. Manejo de la crianza.--</subfield>
    <subfield code="t">VI. Enfermedades infecciosas y parasitarias de los patos.--</subfield>
    <subfield code="t">VII. Comercializaci&#xF3;n y mercadeo de patos y sus subproductos en la Rep&#xFA;blica Dominicana.</subfield>
    <subfield code="t">VII. Bibliograf&#xED;a.</subfield>
  </datafield>
  <datafield tag="590" ind1=" " ind2=" ">
    <subfield code="a">Inventariado 2022 / MF</subfield>
  </datafield>
  <datafield tag="650" ind1=" " ind2="4">
    <subfield code="a">Anacultura</subfield>
    <subfield code="z">Rep&#xFA;blica Dominicana</subfield>
    <subfield code="9">82115</subfield>
  </datafield>
  <datafield tag="650" ind1=" " ind2="4">
    <subfield code="9">61912</subfield>
    <subfield code="a">Manuales</subfield>
    <subfield code="x">Anacultura</subfield>
  </datafield>
  <datafield tag="700" ind1="1" ind2=" ">
    <subfield code="9">55879</subfield>
    <subfield code="a">Garc&#xED;a Lagombra, Gregorio</subfield>
  </datafield>
  <datafield tag="700" ind1="1" ind2=" ">
    <subfield code="a"> Fulcar, Eduardo</subfield>
    <subfield code="e">fotogr.</subfield>
    <subfield code="9">82111</subfield>
  </datafield>
  <datafield tag="700" ind1="1" ind2=" ">
    <subfield code="a">Concepci&#xF3;n, Gustavo </subfield>
    <subfield code="e">fotogr.</subfield>
    <subfield code="9">82112</subfield>
  </datafield>
  <datafield tag="710" ind1="2" ind2=" ">
    <subfield code="9">1556</subfield>
    <subfield code="a">Instituto Dominicano de Investigaciones Agropecu&#xE1;rias y Florestales</subfield>
  </datafield>
  <datafield tag="910" ind1=" " ind2=" ">
    <subfield code="a">MFeliz</subfield>
  </datafield>
  <datafield tag="942" ind1=" " ind2=" ">
    <subfield code="2">ddc</subfield>
    <subfield code="c">LBS1</subfield>
  </datafield>
  <datafield tag="952" ind1=" " ind2=" ">
    <subfield code="0">0</subfield>
    <subfield code="1">0</subfield>
    <subfield code="2">ddc</subfield>
    <subfield code="5">1</subfield>
    <subfield code="7">0</subfield>
    <subfield code="8">PD</subfield>
    <subfield code="a">BNPHU</subfield>
    <subfield code="b">BNPHU</subfield>
    <subfield code="c">CT</subfield>
    <subfield code="d">2018-07-28</subfield>
    <subfield code="e">Donado por CEDRTV</subfield>
    <subfield code="l">0</subfield>
    <subfield code="o">M294m</subfield>
    <subfield code="p">2022-3577</subfield>
    <subfield code="r">2022-07-28</subfield>
    <subfield code="w">2022-07-28</subfield>
    <subfield code="y">LBS1</subfield>
  </datafield>
  <datafield tag="952" ind1=" " ind2=" ">
    <subfield code="0">0</subfield>
    <subfield code="1">0</subfield>
    <subfield code="2">ddc</subfield>
    <subfield code="5">1</subfield>
    <subfield code="7">0</subfield>
    <subfield code="8">PD</subfield>
    <subfield code="a">BNPHU</subfield>
    <subfield code="b">BNPHU</subfield>
    <subfield code="c">CT</subfield>
    <subfield code="d">2018-07-28</subfield>
    <subfield code="e">Donado por CEDRTV</subfield>
    <subfield code="l">0</subfield>
    <subfield code="o">M294m</subfield>
    <subfield code="p">2022-3578</subfield>
    <subfield code="r">2022-07-28</subfield>
    <subfield code="t">e.2</subfield>
    <subfield code="w">2022-07-28</subfield>
    <subfield code="y">LBS1</subfield>
  </datafield>
  <datafield tag="999" ind1=" " ind2=" ">
    <subfield code="c">52244</subfield>
    <subfield code="d">52244</subfield>
  </datafield>
</record>
